000 00494nam a22001577a 4500
003 BD-ChCU
005 20260304111052.0
008 260304b bg ||||| |||| 00| 0 ben d
040 _cBD-ChCU
082 _aREF 351.0073095492 TAB
245 _aTable of organisation and equipment ministries , Divisions , constitutional bodies , commissions etc ./
260 _aDhaka :
_bGovt. of Bangladesh ,
_cC 1982
300 _a133p.
650 0 _aPublic Administration .
_920753
942 _2ddc
_cBK
_n0
999 _c111825
_d111825